| 000 | 00389cam a2200145ua 4500 | ||
|---|---|---|---|
| 003 | OSt | ||
| 008 | 220705b |||||||| |||| 00| 0 eng d | ||
| 041 | _aeng | ||
| 082 |
_a307.14 _bDIR/EX |
||
| 245 | _aExtension education in community development / | ||
| 250 | _a1 / | ||
| 260 |
_aNew Delhi : _bMinistry of Food and Agriculture, Govt of India , _c1961. |
||
| 300 | _a458 ; . | ||
| 942 | _cBK | ||
| 999 |
_c1448 _d1448 |
||